Care of the Soul : A Guide for Cultivating Depth and Sacredness in Everyday Life /

Guardado en:
Bibliografiske detaljer
Hovedforfatter: Moore, Thomas (autor)
Format: Bog
Sprog:engelsk
Udgivet: Nueva York, EUA : Harper Perennial, 1994, c1994
Fag:
Tags: Tilføj Tag
Ingen Tags, Vær først til at tagge denne postø!

MARC

LEADER 00000nam^a2200000^a^4500
001 000396082
005 20250521000000.0
009 20260310121420.083
020 |a 0-06-092224-9 
037 |a Acervo Xavier Clavigero 
041 |a ING 
082 |a 248.  |b MOO 
100 |a Moore, Thomas  |e (autor) 
240 1 4 |a [El cuidado del alma] 
245 1 0 |a Care of the Soul :  |b A Guide for Cultivating Depth and Sacredness in Everyday Life /  |c T. Moore. 
264 4 |a Nueva York, EUA :  |b Harper Perennial,  |c 1994, c1994 
300 |a XX, 312 p. 
336 |a texto  |b txt  |2 rdacontenido 
337 |a sin mediación  |b n  |2 rdamedio 
338 |a volumen  |b nc  |2 rdasoporte 
649 |a XX 
650 |a Vida Cotidiana 
650 |a Vida Espiritual -  |x Tema Principal 
650 |a Espiritualidad 
650 |a Psicología y Religión 
650 |a Religión 
910 |a Fondo Jesús Vergara Aceves S.J. 
920 |a Impresos - Libros 
930 |a Fondos Especiales 
905 |a 119 
901 |a 0500291696  |b IT2  |c ESP  |i FXC D3203  |u 20250521 
902 |a https://opac.biblio.iteso.mx/vufind/Record/000396082